Uncommon Minecraft Blocks - Statistics

General Stats
  • This quiz has been taken 35 times
  • The average score is 12 of 20
Answer Stats
Block Description Block % Correct
This yellow block can only spawn in Ocean Monuments Sponge
96%
This specific block only generates around icebergs Blue Ice
88%
A small, yellow home for a “Buzzy” little mob Bee Nest
81%
This bright red and highly destructive block generates only in structures TNT
81%
A shiny crystal deep underground {Amethyst} Block
77%
The wet dirt Mud
77%
The “full block” form of this rare ore can spawn in Woodland Mansions {Diamond} Block
73%
The black chest Ender Chest
73%
The rare Nether ore everyone loves Ancient Debris
69%
This block slices solid rocks with ease, but not the player . . . Stonecutter
65%
This is the rarest ore in Minecraft {Deepslate Emerald} Ore
62%
The rarest block you get after The Battle Dragon Egg
58%
Dirt under Azalea Trees Rooted Dirt
54%
The “full block” form of this slightly more common ore generates under Ancient cities {Redstone} Block
50%
Gray, rare dirt variant found only in one biome Mycelium
46%
One of these blocks “marks the spot” in Desert Temples Blue Terracotta
42%
This is the only mob head to naturally generate in the Overworld Skeleton Skull
42%
An unobtainable block allowing passage to "space" End Portal Frame
31%
A touch of gold to your Nether stone . . . Gilded Blackstone
31%
These black blocks make for good XP farms Spawner
23%
No matching quizzes found
Score Distribution
Percent of People with Each Score
Percentile by Number Answered
Your Score History
You have not taken this quiz